[Event "Budapest FS04 U2250"]
[Site "Budapest"]
[Date "2024.04.15"]
[Round "9"]
[White "Szalay, Janos"]
[Black "Szalanczy, Emil"]
[Result "0-1"]
[WhiteElo "1607"]
[BlackElo "1837"]
[PlyCount "40"]
[EventDate "2024.04.06"]
[EventType "tourn"]
[EventRounds "9"]
[EventCountry "HUN"]
[SourceTitle "CBM 219 Extra"]
[Source "ChessBase"]
[SourceDate "2024.05.31"]
[SourceVersion "1"]
[SourceVersionDate "2024.05.31"]
[SourceQuality "1"]

1. f4 c5 2. e4 Nc6 3. c3 d5 4. e5 Bf5 5. d3 e6 6. Nf3 Be7 7. g3 h5 8. h3 Nh6 9. a3 a5 10. Nbd2 a4 11. d4 Qa5 12. Be2 0-0 13. Ng5 cxd4 14. c4 Nxe5 15. 0-0 Nxc4 16. Bxc4 dxc4 17. Nxc4 Qb5 18. Qxd4 Bc5 19. Be3 Bxd4 20. Bxd4 Qxc4 0-1

[Event "Budapest Spring op"]
[Site "Budapest"]
[Date "2016.03.26"]
[Round "8"]
[White "Szalay, Janos"]
[Black "Varga, Boldizsar"]
[Result "1/2-1/2"]
[WhiteElo "1717"]
[BlackElo "1432"]
[PlyCount "35"]
[EventDate "2016.03.18"]
[EventType "swiss"]
[EventRounds "9"]
[EventCountry "HUN"]
[SourceTitle "CBM 171 Extra"]
[Source "ChessBase"]
[SourceDate "2016.04.26"]
[SourceVersion "1"]
[SourceVersionDate "2016.04.26"]
[SourceQuality "1"]

1. f4 d5 2. e3 c5 3. c3 Nf6 4. Nf3 Nc6 5. Ne5 e6 6. Bb5 Bd7 7. Bxc6 Bxc6 8. 0-0 Bb5 9. d3 Be7 10. a4 Ba6 11. Nd2 Qc7 12. Ndf3 0-0 13. b3 Rfd8 14. Ba3 b6 15. Rc1 Nd7 16. Qc2 Bf6 17. Ng4 Be7 18. Nfe5 1/2-1/2

[Event "Budapest Spring op"]
[Site "Budapest"]
[Date "2016.03.21"]
[Round "3"]
[White "Letay, Gyula"]
[Black "Szalay, Janos"]
[Result "1-0"]
[WhiteElo "1994"]
[BlackElo "1717"]
[PlyCount "51"]
[EventDate "2016.03.18"]
[EventType "swiss"]
[EventRounds "9"]
[EventCountry "HUN"]
[SourceTitle "CBM 171 Extra"]
[Source "ChessBase"]
[SourceDate "2016.04.26"]
[SourceVersion "1"]
[SourceVersionDate "2016.04.26"]
[SourceQuality "1"]

1. e4 c6 2. d3 e5 3. Nd2 Bb4 4. c3 Ba5 5. Ngf3 d6 6. h3 b5 7. g3 h6 8. Bg2 Be6 9. 0-0 Bb6 10. Qe2 Nf6 11. Kh2 Nbd7 12. Re1 g5 13. Ng1 h5 14. Nf1 Rg8 15. Be3 c5 16. Rad1 Bxa2 17. b4 Bb3 18. Rb1 c4 19. f4 gxf4 20. gxf4 a5 21. fxe5 dxe5 22. Ng3 Bxe3 23. Qxe3 axb4 24. cxb4 Bc2 25. Rbc1 Bxd3 26. Nf3 1-0

[Event "Budapest Spring op"]
[Site "Budapest"]
[Date "2016.03.18"]
[Round "1"]
[White "Lyell, Mark"]
[Black "Szalay, Janos"]
[Result "1-0"]
[WhiteElo "2167"]
[BlackElo "1717"]
[PlyCount "65"]
[EventDate "2016.03.18"]
[EventType "swiss"]
[EventRounds "9"]
[EventCountry "HUN"]
[SourceTitle "CBM 171 Extra"]
[Source "ChessBase"]
[SourceDate "2016.04.26"]
[SourceVersion "1"]
[SourceVersionDate "2016.04.26"]
[SourceQuality "1"]

1. e4 c6 2. d4 e6 3. Nf3 a6 4. Bd3 Be7 5. 0-0 d5 6. e5 c5 7. c3 Nc6 8. Re1 b5 9. Nbd2 Bb7 10. Nf1 Rc8 11. Ng3 g6 12. a3 h5 13. h3 h4 14. Nf1 g5 15. b4 g4 16. hxg4 h3 17. bxc5 hxg2 18. Kxg2 Nh6 19. Bxh6 Rxh6 20. Ng3 Kd7 21. Qd2 Qh8 22. g5 Rh3 23. Qf4 Rf8 24. Rh1 Rxh1 25. Rxh1 Qg8 26. Nh5 Kc8 27. Nf6 Bxf6 28. exf6 Rd8 29. Rh7 Rd7 30. g6 fxg6 31. Rxd7 Kxd7 32. f7 Qf8 33. Qd6+ 1-0

[Event "Budapest Spring op 25th"]
[Site "Budapest"]
[Date "2009.03.24"]
[Round "5"]
[White "Surinya, Tibor"]
[Black "Szalay, Janos"]
[Result "1-0"]
[WhiteElo "2050"]
[BlackElo "1869"]
[PlyCount "107"]
[EventDate "2009.03.20"]
[EventType "swiss"]
[EventRounds "9"]
[EventCountry "HUN"]
[SourceTitle "CBM 129 Extra"]
[Source "ChessBase"]
[SourceDate "2009.05.05"]
[SourceVersion "2"]
[SourceVersionDate "2009.05.20"]
[SourceQuality "1"]

1. d4 d5 2. c4 e6 3. Nc3 Nf6 4. Bg5 Bb4 5. e3 h6 6. Bh4 Nc6 7. a3 Bxc3+ 8. bxc3 g5 9. Bg3 h5 10. h3 Ne4 11. Qc2 Nxg3 12. fxg3 Qd6 13. Qf2 b6 14. Bd3 h4 15. gxh4 gxh4 16. Nf3 Qg3 17. 0-0 f5 18. Qxg3 hxg3 19. cxd5 exd5 20. Bb5 Bd7 21. Bxc6 Bxc6 22. Ne5 Bd7 23. Nxd7 Kxd7 24. Rxf5 Ke6 25. Raf1 Rae8 26. R1f3 Reg8 27. Re5+ Kd7 28. Rxd5+ Kc6 29. Re5 Rh6 30. c4 Kd6 31. Rff5 Rgg6 32. Rg5 Kc6 33. Kf1 a6 34. Ke2 Kd6 35. Rxg6+ Rxg6 36. Re4 b5 37. cxb5 axb5 38. Rg4 Re6 39. Rxg3 c6 40. Rg5 Rh6 41. Rf5 Rh4 42. Rf4 Rh7 43. e4 Ke6 44. Rf3 Rh4 45. g4 Ke7 46. Ke3 Rh8 47. g5 Ra8 48. Kf4 Kf7 49. h4 Kg6 50. Kg4 Rc8 51. h5+ Kh7 52. g6+ Kg8 53. h6 c5 54. g7 1-0

[Event "Budapest Spring op 25th"]
[Site "Budapest"]
[Date "2009.03.20"]
[Round "1"]
[White "Bodrogi, Mihaly"]
[Black "Szalay, Janos"]
[Result "1-0"]
[WhiteElo "2192"]
[BlackElo "1869"]
[PlyCount "41"]
[EventDate "2009.03.20"]
[EventType "swiss"]
[EventRounds "9"]
[EventCountry "HUN"]
[SourceTitle "CBM 129 Extra"]
[Source "ChessBase"]
[SourceDate "2009.05.05"]
[SourceVersion "2"]
[SourceVersionDate "2009.05.20"]
[SourceQuality "1"]

1. e4 c5 2. Nc3 e6 3. Bc4 a6 4. a4 Nc6 5. Nf3 Be7 6. Qe2 Rb8 7. d3 Nd4 8. Qd1 Bf6 9. Nxd4 cxd4 10. Ne2 b5 11. Bb3 Ne7 12. Bd2 0-0 13. axb5 axb5 14. Ba5 Qe8 15. Bc7 Rb7 16. Bd6 e5 17. f4 exf4 18. Nxf4 Bg5 19. Nd5 Nxd5 20. Bxd5 Kh8 21. 0-0 1-0

[Event "Budapest FS12 FM-B"]
[Site "Budapest"]
[Date "2004.12.11"]
[Round "6"]
[White "Czimer, Jozsef"]
[Black "Szalay, Janos"]
[Result "1/2-1/2"]
[WhiteElo "1978"]
[BlackElo "2023"]
[PlyCount "155"]
[EventDate "2004.12.??"]
[EventType "tourn"]
[EventRounds "10"]
[EventCountry "HUN"]
[SourceTitle "CBM 103 Extra"]
[Source "ChessBase"]
[SourceDate "2005.01.01"]
[SourceVersion "1"]
[SourceVersionDate "2005.01.01"]
[SourceQuality "1"]

1. e4 c5 2. Nf3 Nc6 3. d4 cxd4 4. Nxd4 e5 5. Nb3 Nf6 6. f3 h6 7. Be3 d5 8. exd5 Nxd5 9. Bf2 Be6 10. N1d2 a6 11. a3 Be7 12. g3 0-0 13. Ne4 Na5 14. Nbc5 Bf5 15. b4 b6 16. Nxa6 Nc6 17. Qd3 Rxa6 18. Qxa6 Bxe4 19. fxe4 Ndxb4 20. Qc4 Qa8 21. Bg2 Na5 22. Qe2 Nc4 23. Qxc4 Rc8 24. Qxc8+ Qxc8 25. 0-0 Nxc2 26. Rfc1 Bg5 27. Rxc2 Qxc2 28. h4 Be7 29. a4 Qb2 30. Rd1 g5 31. hxg5 Bxg5 32. Rd5 Kg7 33. Rb5 Qa1+ 34. Kh2 Bd8 35. Bxb6 Bxb6 36. Rxb6 Qxa4 37. Rd6 Qb4 38. Rc6 Qb5 39. Rd6 Qe2 40. Rd5 f6 41. Rd8 Kf7 42. Rb8 h5 43. Rb1 Qd2 44. Rf1 Kg6 45. Rf5 Qe2 46. Kg1 h4 47. gxh4 Qe1+ 48. Kh2 Qxh4+ 49. Kg1 Qe1+ 50. Kh2 Qh4+ 51. Kg1 Kf7 52. Kf1 Ke7 53. Bf3 Kd6 54. Kg2 Kc5 55. Rh5 Qf4 56. Rf5 Qd2+ 57. Kh3 Qh6+ 58. Kg3 Kd4 59. Rh5 Qe3 60. Rh1 Kd3 61. Rd1+ Kc2 62. Rd6 Qg5+ 63. Kf2 Qh4+ 64. Ke3 Qf4+ 65. Ke2 f5 66. Rc6+ Kb3 67. Rf6 Qh2+ 68. Kf1 fxe4 69. Bxe4 Qh4 70. Rf3+ Kc4 71. Re3 Kd4 72. Re2 Qxe4 73. Rxe4+ Kxe4 74. Ke2 Kd4 75. Kd2 e4 76. Ke2 e3 77. Ke1 Kd3 78. Kd1 1/2-1/2